Statistics for U.S. Presidents Ranked by Scholars

Click here to take the quiz!

General Stats

  • This quiz has been taken 59 times
  • The average score is 25 of 44

Answer Stats

Overall RankingU.S. PresidentAverage RankDemocratic ScholarsIndependent/Other ScholarsRepublican Scholars% Correct
1Abraham Lincoln1.33112
100%
2George Washington2.00321
100%
3Franklin D. Roosevelt2.67233
97%
4Theodore Roosevelt4.00444
91%
6Dwight D. Eisenhower7.33967
82%
5Thomas Jefferson5.33556
82%
7Harry Truman7.67788
76%
9Barack Obama11.3361216
73%
44James Buchanan43.33434344
73%
8Ronald Reagan8.671475
73%
43Donald Trump42.67444440
70%
13James Madison14.0011922
70%
11Lyndon Johnson13.3381319
70%
10Woodrow Wilson12.33101512
70%
12George H.W. Bush13.33181111
64%
16Andrew Jackson14.67171710
61%
40Andrew Johnson40.00384141
58%
42William Henry Harrison42.33424243
58%
14Bill Clinton14.00131415
55%
15John Adams14.00151017
55%
18James Monroe17.33161818
52%
19John F. Kennedy18.33121924
52%
17William McKinley15.6722169
52%
35Herbert Hoover34.00373530
48%
37John Tyler36.67363737
48%
22Ulysses S. Grant22.00192225
48%
41Franklin Pierce40.67404042
45%
28George W. Bush28.00303123
45%
30Jimmy Carter29.33243232
45%
36Zachary Taylor35.00353436
45%
20James K. Polk18.33212113
42%
38Millard Fillmore38.67393839
42%
34James Garfield33.00343035
39%
27Rutherford B. Hayes28.00282828
39%
39Warren G. Harding39.33413938
39%
21William Howard Taft19.67252014
39%
31Chester A. Arthur30.67292934
36%
32Richard M. Nixon32.00313629
36%
25Gerald Ford26.00262626
33%
23Grover Cleveland22.00232320
33%
24John Quincy Adams23.67202427
33%
29Martin Van Buren29.00272733
33%
33Benjamin Harrison32.00323331
30%
26Cavlvin Coolidge26.33332521
30%

Score Distribution

Percentile by Number Answered

Percent of People with Each Score

Your Score History

You have not taken this quiz